[Event "North American Open"]
[Site "Las Vegas"]
[Date "2011.12.28"]
[Round "5"]
[White "Coleman, Teddy"]
[Black "Zenyuk, Iryna"]
[Result "1-0"]
[WhiteElo "2374"]
[BlackElo "2329"]
[PlyCount "175"]
[EventDate "2011.12.??"]
[EventType "swiss"]
[EventRounds "7"]
[EventCountry "USA"]
[Source "MonRoi"]

1. d4 Nf6 2. c4 c5 3. d5 b5 4. cxb5 a6 5. e3 g6 6. Nc3 Bg7 7. a4 O-O 8. e4 e6
9. Nf3 Bb7 10. Be2 exd5 11. exd5 axb5 12. Bxb5 Re8+ 13. Be3 Ng4 14. O-O Nxe3
15. fxe3 Rxe3 16. Qd2 Re8 17. Qf4 Ba6 18. Ng5 f5 19. Rae1 Bxb5 20. axb5 h6 21.
Rxe8+ Qxe8 22. Nf3 Kh7 23. Re1 Qf8 24. h4 d6 25. Re6 Nd7 26. Qxd6 Ra1+ 27. Kf2
Qxd6 28. Rxd6 Ra7 29. b6 Rb7 30. Na4 Nf6 31. Rc6 Nxd5 32. Nd2 Rb8 33. Nc4 Nb4
34. Rc7 Nd5 35. Ra7 h5 36. b7 Kh6 37. Nd6 Nc7 38. Nb6 Bd4+ 39. Kf3 c4 40. Ra8
Nxa8 41. bxa8=Q Rxa8 42. Nxa8 Bxb2 43. Nxc4 Bf6 44. Kg3 f4+ 45. Kh3 g5 46.
hxg5+ Kxg5 47. Nab6 Bd8 48. Nd5 Kf5 49. Nc3 Bf6 50. Ne2 Be7 51. Nd2 Bf6 52. Kh2
Kg4 53. Ne4 Bd8 54. Nf2+ Kf5 55. Kh3 Bf6 56. Nd3 f3 57. gxf3 Bg5 58. Ng3+ Ke6
59. Nxh5 Kf5 60. Ng3+ Ke6 61. Kg4 Bd2 62. Nf1 Bh6 63. Nf4+ Kf6 64. Nh5+ Ke5 65.
Nhg3 Kf6 66. Nf5 Bc1 67. N5e3 Bb2 68. f4 Be5 69. f5 Bb2 70. Kf4 Kf7 71. Nd5 Bh8
72. Nd2 Bg7 73. Nc4 Bh6+ 74. Ke5 Bg7+ 75. Kd6 Bf8+ 76. Kd7 Bg7 77. Nd6+ Kg8 78.
Ke6 Kf8 79. Nf6 Bh6 80. Nd7+ Kg8 81. f6 Bg7 82. f7+ Kh8 83. Nf5 Bf8 84. Kf6 Bb4
85. Ne7 Bc3+ 86. Ne5 Bxe5+ 87. Kxe5 Kh7 88. Ng6 1-0

[Event "North American Open"]
[Site "Las Vegas"]
[Date "2011.12.28"]
[Round "5"]
[White "Liu, Elliott"]
[Black "Kelley, Dereque"]
[Result "1-0"]
[WhiteElo "2359"]
[BlackElo "2273"]
[PlyCount "73"]
[EventDate "2011.12.??"]
[EventType "swiss"]
[EventRounds "7"]
[EventCountry "USA"]
[Source "MonRoi"]

1. e4 e5 2. Nf3 Nc6 3. Nc3 Nf6 4. d4 exd4 5. Nxd4 Bb4 6. Nxc6 bxc6 7. Bd3 d5 8.
exd5 cxd5 9. O-O O-O 10. Bg5 c6 11. Na4 h6 12. Bh4 Be6 13. c3 Bd6 14. Bc2 Re8
15. Qd4 Be7 16. Rae1 Qd7 17. f4 Bf5 18. Rxe7 Rxe7 19. Nc5 Qc8 20. Bxf6 Re2 21.
Bd1 Rxb2 22. Bxg7 Qe8 23. Bxh6 f6 24. c4 Rxa2 25. Qxf6 Qg6 26. Qxg6+ Bxg6 27.
cxd5 Kh7 28. Bg5 cxd5 29. Bb3 Ra5 30. Nd7 d4 31. Re1 Bd3 32. Re7+ Kg6 33. Ne5+
Rxe5 34. Rxe5 Rb8 35. Bd5 Rb1+ 36. Kf2 Bf1 37. Be4+ 1-0

[Event "North American Open"]
[Site "Las Vegas"]
[Date "2011.12.28"]
[Round "5"]
[White "Troff, Kayden"]
[Black "Fields, Paul"]
[Result "1/2-1/2"]
[WhiteElo "2359"]
[BlackElo "2272"]
[PlyCount "44"]
[EventDate "2011.12.??"]
[EventType "swiss"]
[EventRounds "7"]
[EventCountry "USA"]
[Source "MonRoi"]

1. d4 b6 2. c4 Bb7 3. Nf3 e6 4. g3 f5 5. Bg2 Nf6 6. O-O Be7 7. Nc3 O-O 8. b3
Ne4 9. Bb2 d6 10. Qd3 Nxc3 11. Bxc3 Be4 12. Qe3 Qd7 13. c5 Nc6 14. b4 Nd8 15.
a4 Nf7 16. Ne1 Bg5 17. f4 Bxg2 18. Kxg2 Bf6 19. Nf3 Rae8 20. a5 bxc5 21. bxc5
e5 22. dxe5 dxe5 1/2-1/2

[Event "North American Open"]
[Site "Las Vegas"]
[Date "2011.12.28"]
[Round "5"]
[White "Shetty, Atulya"]
[Black "Kretchetov, Alexandre"]
[Result "0-1"]
[WhiteElo "2296"]
[BlackElo "2408"]
[PlyCount "82"]
[EventDate "2011.12.??"]
[EventType "swiss"]
[EventRounds "7"]
[EventCountry "USA"]
[Source "MonRoi"]

1. c4 e5 2. g3 Nc6 3. Nc3 d6 4. Bg2 Be6 5. d3 Qd7 6. Rb1 g6 7. b4 Bg7 8. b5 Nd8
9. Nf3 Bh3 10. O-O Ne7 11. Nd5 Bxg2 12. Kxg2 O-O 13. Qc2 Ne6 14. Ng5 Nd4 15.
Qd1 Nxd5 16. cxd5 Nxb5 17. Qb3 Nd4 18. Qxb7 Nxe2 19. Be3 h6 20. Nf3 Nc3 21. Rb3
Rfb8 22. Qxb8+ Rxb8 23. Rxb8+ Kh7 24. Rb7 a6 25. Ra7 Nxd5 26. Rxa6 Qb5 27. Ra8
Qxd3 28. Ra7 Qe2 29. Bc1 e4 30. Ng1 Qc2 31. a4 Qc5 32. Ra8 Qc6 33. Ra5 Bc3 34.
Rb5 e3 35. f3 Qc4 36. Rxd5 Qxd5 37. Bxe3 Qa2+ 38. Rf2 Qxa4 39. Ne2 Bg7 40. Nf4
Qb3 41. Re2 d5 0-1

[Event "North American Open"]
[Site "Las Vegas"]
[Date "2011.12.28"]
[Round "5"]
[White "Smail, Benedict"]
[Black "Dean, Jim"]
[Result "0-1"]
[WhiteElo "2135"]
[BlackElo "2341"]
[PlyCount "76"]
[EventDate "2011.12.??"]
[EventType "swiss"]
[EventRounds "7"]
[EventCountry "USA"]
[Source "MonRoi"]

1. d4 d5 2. c4 e6 3. Nc3 Be7 4. Nf3 Nf6 5. Bg5 h6 6. Bxf6 Bxf6 7. e3 O-O 8.
cxd5 exd5 9. Qc2 Be6 10. Bd3 c5 11. O-O Nc6 12. Rad1 cxd4 13. Nxd4 Nxd4 14.
exd4 Rc8 15. Rfe1 Qb6 16. Qd2 Bxd4 17. Bb1 Bxc3 18. bxc3 Rfe8 19. h3 Rc5 20.
Re3 Bd7 21. Rf3 Bb5 22. Qf4 Qc7 23. Qd4 b6 24. Rg3 Qe5 25. Qd2 Qh5 26. a4 Bxa4
27. Rc1 Bb5 28. Qa2 a5 29. Qb2 Re2 30. Qb3 Qe5 31. Qd1 a4 32. Kh2 h5 33. h4 Rc4
34. Kg1 Rxh4 35. Bc2 Rf4 36. f3 Qe3+ 37. Kh2 Rh4+ 38. Rh3 Qf4+ 0-1

[Event "North American Open"]
[Site "Las Vegas"]
[Date "2011.12.29"]
[Round "6"]
[White "Molner, Mackenzie"]
[Black "Sokolov, Ivan"]
[Result "1/2-1/2"]
[WhiteElo "2499"]
[BlackElo "2676"]
[PlyCount "112"]
[EventDate "2011.12.??"]
[EventType "swiss"]
[EventRounds "7"]
[EventCountry "USA"]
[Source "MonRoi"]

1. d4 d5 2. c4 e6 3. Nc3 Bb4 4. e3 c5 5. a3 Ba5 6. cxd5 exd5 7. Bb5+ Nc6 8.
Nge2 c4 9. O-O a6 10. Bxc6+ bxc6 11. e4 Ne7 12. Bg5 f6 13. Bf4 O-O 14. b3 Ng6
15. Rc1 Re8 16. Bg3 dxe4 17. bxc4 Bg4 18. h3 Bh5 19. Qa4 f5 20. Qxc6 Rc8 21.
Qd5+ Qxd5 22. cxd5 f4 23. Bh2 Rc4 24. d6 Rec8 25. g4 fxg3 26. Nxg3 Bf3 27. d7
Rd8 28. Ngxe4 Rxd4 29. Ng5 Rd3 30. Ne6 R8xd7 31. Nc5 Bxc3 32. Nxd7 Be2 33. Bg3
Bxf1 34. Kxf1 Bd4 35. a4 Bxf2 36. Kxf2 Rxd7 37. Rc8+ Kf7 38. Ra8 Ne7 39. Rxa6
Nf5 40. Be5 Rd5 41. Bc7 Rd3 42. Kg2 Nh4+ 43. Kh2 g5 44. Rd6 Ra3 45. a5 Ra2+ 46.
Kg1 Nf3+ 47. Kf1 h5 48. a6 Nd2+ 49. Ke1 Ne4 50. Rc6 Nf2 51. Rc3 Ne4 52. Rc6 Ra3
53. Rc4 Nf6 54. Rc5 Rxa6 55. Rxg5 h4 56. Bd8 Re6+ 1/2-1/2

[Event "North American Open"]
[Site "Las Vegas"]
[Date "2011.12.29"]
[Round "6"]
[White "Shabalov, Alexander"]
[Black "Mezentsev, Vladimir"]
[Result "1-0"]
[WhiteElo "2600"]
[BlackElo "2439"]
[PlyCount "81"]
[EventDate "2011.12.??"]
[EventType "swiss"]
[EventRounds "7"]
[EventCountry "USA"]
[Source "MonRoi"]

1. e4 c5 2. Nf3 Nc6 3. d4 cxd4 4. Nxd4 g6 5. c4 Bg7 6. Be3 d6 7. Nc3 Nh6 8. Be2
O-O 9. Nb3 f5 10. Qd2 Ng4 11. Bxg4 fxg4 12. Rc1 Rf7 13. O-O b6 14. Nd5 Ba6 15.
Nd4 Qd7 16. Nxc6 Qxc6 17. Bd4 Raf8 18. Bxg7 Rxg7 19. Qg5 Qd7 20. e5 Bb7 21. e6
Qxe6 22. Rce1 Bxd5 23. Rxe6 Bxe6 24. b3 Rgf7 25. Qe3 Bf5 26. a4 Rc8 27. a5 bxa5
28. Qxa7 Rc5 29. Re1 Kf8 30. Qa8+ Bc8 31. Re3 Rff5 32. h3 gxh3 33. Rxh3 Kg7 34.
Re3 Kf7 35. f3 h5 36. Kf2 Kf6 37. Re4 g5 38. Qb8 Rfe5 39. Rd4 Ke6 40. Qa7 Kf7
41. Rxd6 1-0

[Event "North American Open"]
[Site "Las Vegas"]
[Date "2011.12.29"]
[Round "6"]
[White "De Guzman, Ricardo"]
[Black "Sevillano, Enrico"]
[Result "0-1"]
[WhiteElo "2495"]
[BlackElo "2509"]
[PlyCount "104"]
[EventDate "2011.12.??"]
[EventType "swiss"]
[EventRounds "7"]
[EventCountry "USA"]
[Source "MonRoi"]

1. d4 Nf6 2. Nf3 e6 3. Bg5 h6 4. Bh4 b6 5. Nbd2 Bb7 6. c3 d6 7. e3 Be7 8. a4 a6
9. Bxf6 Bxf6 10. Bd3 Nd7 11. O-O g6 12. Re1 O-O 13. e4 Bg7 14. Bc2 Qe7 15. a5
b5 16. h4 c5 17. d5 e5 18. c4 b4 19. Nf1 Nf6 20. Ng3 Bc8 21. Nh2 h5 22. Ngf1
Ng4 23. g3 f5 24. exf5 gxf5 25. Ne3 Qf6 26. Rb1 Bh6 27. Nef1 Ra7 28. Nxg4 hxg4
29. Ne3 Rh7 30. Ng2 Qd8 31. Ra1 Bg7 32. Qd2 Bf6 33. Rf1 Qe8 34. Qe2 Rh6 35. Ne3
Qh5 36. f3 gxf3 37. Qxf3 Qxf3 38. Rxf3 e4 39. Rf2 Bxb2 40. Re1 Be5 41. Kg2 Rg6
42. g4 b3 43. Bb1 f4 44. Bxe4 Rg7 45. g5 fxe3 46. Rxf8+ Kxf8 47. Rxe3 b2 48.
Rb3 Rb7 49. Rb6 Kg7 50. h5 Rxb6 51. axb6 Bf4 52. h6+ Kh8 0-1

[Event "North American Open"]
[Site "Las Vegas"]
[Date "2011.12.29"]
[Round "6"]
[White "Sarkar, Justin"]
[Black "Coleman, Teddy"]
[Result "0-1"]
[WhiteElo "2458"]
[BlackElo "2374"]
[PlyCount "56"]
[EventDate "2011.12.??"]
[EventType "swiss"]
[EventRounds "7"]
[EventCountry "USA"]
[Source "MonRoi"]

1. d4 d5 2. c4 c6 3. Nf3 Nf6 4. Nc3 e6 5. Bg5 Be7 6. e3 O-O 7. Qc2 Ne4 8. Bxe7
Qxe7 9. Bd3 f5 10. O-O Nd7 11. Ne1 Qg5 12. g3 Ndf6 13. Nf3 Qh5 14. Ne5 Nxc3 15.
bxc3 Ng4 16. Nxg4 fxg4 17. e4 Rf6 18. exd5 exd5 19. cxd5 cxd5 20. Rae1 Bd7 21.
Re5 Qh3 22. Qb3 Bc6 23. Be4 Rh6 24. Bxd5+ Kh8 25. Rd1 Qxh2+ 26. Kf1 Rf8 27. Rd2
Rhf6 28. Ree2 Rf3 0-1

[Event "North American Open"]
[Site "Las Vegas"]
[Date "2011.12.29"]
[Round "6"]
[White "Kleiman, Jake"]
[Black "Liu, Elliott"]
[Result "1-0"]
[WhiteElo "2450"]
[BlackElo "2359"]
[PlyCount "59"]
[EventDate "2011.12.??"]
[EventType "swiss"]
[EventRounds "7"]
[EventCountry "USA"]
[Source "MonRoi"]

1. e4 c5 2. c3 Nf6 3. e5 Nd5 4. Nf3 Nc6 5. Bc4 Nb6 6. Bb3 c4 7. Bc2 d6 8. exd6
e5 9. O-O Bxd6 10. d3 cxd3 11. Qxd3 Be6 12. Rd1 Be7 13. Qe4 Qc7 14. Ng5 Bxg5
15. Bxg5 f6 16. Be3 Nc4 17. Bc5 f5 18. Qe2 N6a5 19. Bb4 Nc6 20. Bxf5 Qf7 21.
Bxe6 Qxe6 22. Na3 Nxa3 23. Bxa3 Rd8 24. Qb5 b6 25. Rxd8+ Kxd8 26. Rd1+ Kc7 27.
Rd6 Qxd6 28. Bxd6+ Kxd6 29. Kf1 Rd8 30. Qd3+ 1-0

[Event "North American Open"]
[Site "Las Vegas"]
[Date "2011.12.29"]
[Round "6"]
[White "Chua, Alexander"]
[Black "Adamson, Robby"]
[Result "1/2-1/2"]
[WhiteElo "2339"]
[BlackElo "2390"]
[PlyCount "56"]
[EventDate "2011.12.??"]
[EventType "swiss"]
[EventRounds "7"]
[EventCountry "USA"]
[Source "MonRoi"]

1. d4 Nf6 2. c4 c5 3. d5 b5 4. cxb5 a6 5. b6 e6 6. Nc3 Nxd5 7. Nxd5 exd5 8.
Qxd5 Nc6 9. e4 Be7 10. Bc4 O-O 11. Nf3 Rb8 12. O-O Rxb6 13. Bd2 d6 14. Bc3 Be6
15. Qd3 Qc8 16. Rfd1 Nb4 17. Qe2 Bxc4 18. Qxc4 Qe6 19. Qxe6 fxe6 20. a3 Nc6 21.
Rd3 e5 22. Nd2 Nd4 23. Nc4 Rb3 24. Rad1 Rfb8 25. Kf1 Kf7 26. Bxd4 exd4 27. Rxb3
Rxb3 28. Ke2 Ke6 1/2-1/2

[Event "North American Open"]
[Site "Las Vegas"]
[Date "2011.12.29"]
[Round "6"]
[White "Kameswaran, Visweswaran"]
[Black "Rodriguez, Eric"]
[Result "1-0"]
[WhiteElo "2306"]
[BlackElo "2382"]
[PlyCount "97"]
[EventDate "2011.12.??"]
[EventType "swiss"]
[EventRounds "7"]
[EventCountry "USA"]
[Source "MonRoi"]

1. e4 c5 2. Nc3 e6 3. Nf3 d6 4. d4 cxd4 5. Nxd4 Nf6 6. Be2 Be7 7. O-O O-O 8. f4
Nc6 9. Be3 e5 10. Nf5 Bxf5 11. exf5 exf4 12. Rxf4 d5 13. Kh1 Bd6 14. Rf1 Bxh2
15. Kxh2 d4 16. Bf4 dxc3 17. bxc3 Nd5 18. Bd2 Qf6 19. Rb1 Rad8 20. Bd3 Ne5 21.
Qe1 Qd6 22. Qg3 Nxd3 23. Qxd6 Rxd6 24. cxd3 Nb6 25. Rf3 Rfd8 26. d4 f6 27. Re1
Rd5 28. Re2 Nc4 29. Bc1 Kf7 30. g4 h6 31. Kg3 R8d7 32. Rff2 Ra5 33. Kf3 Rb5 34.
Rf1 Rb1 35. Rfe1 Rb5 36. Re8 h5 37. Bf4 hxg4+ 38. Kxg4 Rb2 39. Rc8 Nd6 40. Bxd6
Rxd6 41. Rc7+ Kf8 42. Rh1 Kg8 43. Rc8+ Kf7 44. Rhh8 Ke7 45. Rhg8 Kd7 46. d5
Rxa2 47. c4 Rd2 48. Kh5 b5 49. Kg6 1-0

[Event "North American Open"]
[Site "Las Vegas"]
[Date "2011.12.29"]
[Round "6"]
[White "Kretchetov, Alexandre"]
[Black "Kojima, Shinya"]
[Result "1/2-1/2"]
[WhiteElo "2408"]
[BlackElo "2330"]
[PlyCount "69"]
[EventDate "2011.12.??"]
[EventType "swiss"]
[EventRounds "7"]
[EventCountry "USA"]
[Source "MonRoi"]

1. Nf3 d5 2. d4 Nf6 3. c4 c6 4. e3 g6 5. Nc3 Bg7 6. Be2 O-O 7. O-O dxc4 8. Bxc4
Nbd7 9. h3 c5 10. Qe2 cxd4 11. exd4 Nb6 12. Bb3 Nbd5 13. Re1 b6 14. Bg5 Bb7 15.
Rad1 Nxc3 16. bxc3 Ne4 17. Qd3 Nxg5 18. Nxg5 e5 19. Nxf7 Rxf7 20. dxe5 Qxd3 21.
Rxd3 Bc6 22. Rd6 Rc8 23. Be6 Rcc7 24. Rd8+ Bf8 25. f4 Kg7 26. Bxf7 Kxf7 27. g4
Be7 28. Rh8 Kg7 29. Rb8 Bd7 30. Rf1 Bb5 31. Rf3 Rd7 32. f5 Bh4 33. Rc8 Rd1+ 34.
Kg2 Rd2+ 35. Kg1 1/2-1/2

[Event "North American Open"]
[Site "Las Vegas"]
[Date "2011.12.29"]
[Round "6"]
[White "Dean, Jim"]
[Black "Troff, Kayden"]
[Result "1/2-1/2"]
[WhiteElo "2341"]
[BlackElo "2359"]
[PlyCount "71"]
[EventDate "2011.12.??"]
[EventType "swiss"]
[EventRounds "7"]
[EventCountry "USA"]
[Source "MonRoi"]

1. d4 Nf6 2. c4 g6 3. Nc3 d5 4. Nf3 Bg7 5. Bg5 Ne4 6. cxd5 Nxg5 7. Nxg5 e6 8.
Qd2 exd5 9. Qe3+ Kf8 10. Qf4 Bf6 11. h4 h6 12. Nf3 Kg7 13. e3 Be6 14. Bd3 Nd7
15. Qg3 c5 16. Ne2 cxd4 17. exd4 h5 18. Ne5 Bxe5 19. dxe5 Qc7 20. f4 Qa5+ 21.
Kf2 Nc5 22. Qe3 Bg4 23. Nd4 Qb4 24. Rhc1 Rac8 25. Kg1 Qxb2 26. Bc2 Ne6 27.
Nxe6+ Bxe6 28. Rab1 Qc3 29. Qxa7 d4 30. Qxb7 Qd2 31. f5 gxf5 32. Qe7 Rxc2 33.
Rxc2 Qxc2 34. Qg5+ Kh7 35. Qxh5+ Kg7 36. Qg5+ 1/2-1/2

[Event "North American Open"]
[Site "Las Vegas"]
[Date "2011.12.29"]
[Round "6"]
[White "Liou, Yian"]
[Black "Yanayt, Eugene"]
[Result "1/2-1/2"]
[WhiteElo "2354"]
[BlackElo "2330"]
[PlyCount "120"]
[EventDate "2011.12.??"]
[EventType "swiss"]
[EventRounds "7"]
[EventCountry "USA"]
[Source "MonRoi"]

1. e4 c5 2. Nf3 d6 3. d4 cxd4 4. Nxd4 Nf6 5. Nc3 a6 6. Bd3 e5 7. Nde2 Be7 8.
O-O O-O 9. a4 Be6 10. f4 exf4 11. Nxf4 Nc6 12. Nxe6 fxe6 13. Bc4 Qd7 14. Be3
Ne5 15. Bb3 b5 16. axb5 axb5 17. Rxa8 Rxa8 18. Bd4 Nc4 19. Qe2 Rc8 20. Ra1 Qc6
21. e5 dxe5 22. Bxe5 Rd8 23. Bxf6 Bxf6 24. Re1 Kh8 25. h3 h6 26. Qxe6 Nd6 27.
Qg4 Bxc3 28. bxc3 Qxc3 29. Re6 Qc5+ 30. Kh2 Qf5 31. Qd4 Nf7 32. Rxh6+ Nxh6 33.
Qxd8+ Kh7 34. Qc7 Qf2 35. Be6 Nf5 36. Qe5 Nh6 37. c3 Qf1 38. Qe4+ Kh8 39. Bd5
Qf8 40. Qe5 Qd8 41. Bc6 Nf7 42. Qh5+ Nh6 43. Qg6 Ng4+ 44. Qxg4 Qd6+ 45. Qg3
Qxc6 46. Qe5 Qd7 47. h4 Kh7 48. Qe4+ Kh6 49. Qf4+ Kh7 50. g4 Kg8 51. h5 Qd3 52.
Qg3 Qe2+ 53. Kh3 Qf1+ 54. Kh4 Qh1+ 55. Kg5 Qd5+ 56. Kf4 Qc4+ 57. Kf5 Qc8+ 58.
Ke4 Qc4+ 59. Kf5 Qf7+ 60. Ke4 Qc4+ 1/2-1/2

[Event "North American Open"]
[Site "Las Vegas"]
[Date "2011.12.29"]
[Round "6"]
[White "He, Tommy"]
[Black "Pearson, Michael"]
[Result "1/2-1/2"]
[WhiteElo "2133"]
[BlackElo "2344"]
[PlyCount "94"]
[EventDate "2011.12.??"]
[EventType "swiss"]
[EventRounds "7"]
[EventCountry "USA"]
[Source "MonRoi"]

1. e4 c5 2. Nf3 Nc6 3. d4 cxd4 4. Nxd4 Nf6 5. Nc3 d6 6. Bg5 e6 7. Qd2 Be7 8.
O-O-O Nxd4 9. Qxd4 O-O 10. f4 Qa5 11. Qa4 Qxa4 12. Nxa4 Bd7 13. Nc3 Bc6 14. Bb5
Rfd8 15. Bxc6 bxc6 16. e5 dxe5 17. fxe5 Nd5 18. Ne4 Bxg5+ 19. Nxg5 Ne3 20.
Rxd8+ Rxd8 21. g3 h6 22. Nf3 Kh7 23. Re1 Ng4 24. Re2 h5 25. b4 Rd5 26. a3 g6
27. Kb2 Kg7 28. Kb3 f6 29. exf6+ Kxf6 30. Kc4 e5 31. a4 Ke6 32. c3 Kd6 33. Ng5
Nf6 34. h3 a5 35. bxa5 Rxa5 36. Kb4 Ra7 37. Rd2+ Nd5+ 38. Kb3 Rb7+ 39. Kc4 Rb1
40. Nf7+ Kc7 41. Nxe5 g5 42. Nf7 g4 43. hxg4 hxg4 44. Ne5 Nb6+ 45. Kd4 Nxa4 46.
Nxg4 c5+ 47. Kc4 Rc1 1/2-1/2

[Event "North American Open"]
[Site "Las Vegas"]
[Date "2011.12.29"]
[Round "7"]
[White "Yankovsky, Roman"]
[Black "Shabalov, Alexander"]
[Result "1/2-1/2"]
[WhiteElo "2500"]
[BlackElo "2600"]
[PlyCount "83"]
[EventDate "2011.12.??"]
[EventType "swiss"]
[EventRounds "7"]
[EventCountry "USA"]
[Source "MonRoi"]

1. e4 c5 2. Nf3 d6 3. d4 cxd4 4. Nxd4 Nf6 5. Nc3 a6 6. h3 e5 7. Nde2 h5 8. Bg5
Be6 9. Ng3 Nbd7 10. Be2 g6 11. Nf1 Rc8 12. Ne3 Qa5 13. O-O Rxc3 14. Bxf6 Nxf6
15. bxc3 Nxe4 16. Bf3 d5 17. c4 Nc3 18. Qe1 d4 19. Nd5 Bg7 20. Nxc3 dxc3 21.
Bd5 Bxd5 22. cxd5 O-O 23. Qe4 Bh6 24. Qxe5 Rd8 25. Rfd1 Bd2 26. Rdb1 b6 27. Qc7
Qxd5 28. Rxb6 Rf8 29. Qc6 Qf5 30. Qa4 Rd8 31. Rxa6 Kg7 32. Ra7 Rd6 33. Re7 Bg5
34. Re2 Rd2 35. Qe4 Qxe4 36. Rxe4 Rxc2 37. Rc4 Bf6 38. f4 Rd2 39. Kh2 g5 40.
Kg3 Rd3+ 41. Kf2 gxf4 42. Rc1 1/2-1/2

[Event "North American Open"]
[Site "Las Vegas"]
[Date "2011.12.29"]
[Round "7"]
[White "Sokolov, Ivan"]
[Black "Mitkov, Nikola"]
[Result "1-0"]
[WhiteElo "2676"]
[BlackElo "2576"]
[PlyCount "62"]
[EventDate "2011.12.??"]
[EventType "swiss"]
[EventRounds "7"]
[EventCountry "USA"]
[Source "MonRoi"]

1. d4 Nf6 2. c4 e6 3. Nc3 Bb4 4. e3 O-O 5. Bd3 d5 6. cxd5 exd5 7. Nge2 Re8 8.
Bd2 Bd6 9. Rc1 a6 10. O-O Nbd7 11. Ng3 c5 12. Bb1 b6 13. Qf3 Bb7 14. Nf5 Bf8
15. Qg3 g6 16. Nd6 Bxd6 17. Qxd6 Ne4 18. Nxe4 dxe4 19. Bc3 Re6 20. Qf4 c4 21.
f3 f5 22. d5 Bxd5 23. Rcd1 Nc5 24. fxe4 Nxe4 25. g4 Nxc3 26. bxc3 Rd6 27. gxf5
Rd7 28. f6 Bf7 29. Qh6 Be6 30. Rd6 Qe8 31. Be4 Rad8 1-0

[Event "North American Open"]
[Site "Las Vegas"]
[Date "2011.12.29"]
[Round "7"]
[White "Sevillano, Enrico"]
[Black "Molner, Mackenzie"]
[Result "1/2-1/2"]
[WhiteElo "2509"]
[BlackElo "2499"]
[PlyCount "68"]
[EventDate "2011.12.??"]
[EventType "swiss"]
[EventRounds "7"]
[EventCountry "USA"]
[Source "MonRoi"]

1. e4 c5 2. c3 Nf6 3. e5 Nd5 4. Nf3 e6 5. d4 cxd4 6. cxd4 d6 7. Nc3 Nxc3 8.
bxc3 Nc6 9. exd6 Qxd6 10. Bd3 Be7 11. Qe2 b6 12. O-O Bb7 13. Re1 Rc8 14. Bg5
Qd8 15. Qe3 h6 16. Bf4 Bd6 17. Ne5 Nxe5 18. dxe5 Be7 19. Rad1 Qc7 20. Bb5+ Bc6
21. Bxc6+ Qxc6 22. Rd3 g5 23. Bg3 O-O 24. h4 Rfd8 25. Red1 Rxd3 26. Rxd3 Rd8
27. Rxd8+ Bxd8 28. hxg5 hxg5 29. Qd3 Qd5 30. Qa6 Qd1+ 31. Kh2 Qh5+ 32. Kg1 Qd1+
33. Kh2 Qh5+ 34. Kg1 Qd1+ 1/2-1/2

[Event "North American Open"]
[Site "Las Vegas"]
[Date "2011.12.29"]
[Round "7"]
[White "Arnold, Marc"]
[Black "Coleman, Teddy"]
[Result "1-0"]
[WhiteElo "2566"]
[BlackElo "2374"]
[PlyCount "55"]
[EventDate "2011.12.??"]
[EventType "swiss"]
[EventRounds "7"]
[EventCountry "USA"]
[Source "MonRoi"]

1. e4 c6 2. d3 d5 3. Nd2 Nf6 4. e5 Nfd7 5. d4 c5 6. c3 Nc6 7. Ndf3 e6 8. Bd3
Be7 9. Ne2 O-O 10. Nf4 Qb6 11. O-O Re8 12. h4 Nf8 13. Qd2 cxd4 14. cxd4 f6 15.
exf6 Bxf6 16. Nh5 Bxd4 17. Qg5 Qd8 18. Qg3 Bf6 19. Nxf6+ Qxf6 20. Bg5 Qf7 21.
Bf4 Ng6 22. Ng5 Qxf4 23. Bxg6 Rf8 24. Bxh7+ Kh8 25. Qd3 Qxh4 26. f4 Bd7 27. g3
Ne5 28. gxh4 1-0

[Event "North American Open"]
[Site "Las Vegas"]
[Date "2011.12.29"]
[Round "7"]
[White "Hunt, Adam"]
[Black "Kameswaran, Visweswaran"]
[Result "1-0"]
[WhiteElo "2558"]
[BlackElo "2306"]
[PlyCount "35"]
[EventDate "2011.12.??"]
[EventType "swiss"]
[EventRounds "7"]
[EventCountry "USA"]
[Source "MonRoi"]

1. e4 e5 2. Nf3 Nf6 3. d4 Nxe4 4. Bd3 d5 5. Nxe5 Bd6 6. O-O O-O 7. c4 Bxe5 8.
dxe5 Nc6 9. Bf4 Nb4 10. Na3 Be6 11. Bb1 c6 12. cxd5 Qxd5 13. Qe1 Nd3 14. Bxd3
Qxd3 15. Rd1 Bc4 16. Rxd3 Bxd3 17. Qe3 Bxf1 18. Kxf1 1-0

[Event "North American Open"]
[Site "Las Vegas"]
[Date "2011.12.29"]
[Round "7"]
[White "Mezentsev, Vladimir"]
[Black "Chua, Alexander"]
[Result "1/2-1/2"]
[WhiteElo "2439"]
[BlackElo "2339"]
[PlyCount "118"]
[EventDate "2011.12.??"]
[EventType "swiss"]
[EventRounds "7"]
[EventCountry "USA"]
[Source "MonRoi"]

1. e4 c6 2. d3 d5 3. Nd2 g6 4. g3 Bg7 5. Bg2 e5 6. Ngf3 Ne7 7. O-O O-O 8. c3
Nd7 9. d4 exd4 10. Nxd4 Nc5 11. exd5 Nxd5 12. N2b3 Ne6 13. Nxe6 Bxe6 14. Nc5
Bc8 15. Ne4 Bf5 16. Bg5 Qc7 17. Qd2 f6 18. Bh6 Bxh6 19. Qxh6 Rad8 20. Rfe1 Bxe4
21. Bxe4 f5 22. Bf3 f4 23. Qh4 Rd7 24. Bg4 Rg7 25. Qg5 Kh8 26. Rad1 Nf6 27. Bh3
fxg3 28. hxg3 Qb6 29. Rd2 Rgf7 30. Ree2 Kg7 31. Rd4 h6 32. Qd2 Re8 33. Rxe8
Nxe8 34. Bf1 Nf6 35. Rh4 g5 36. Rd4 Qc5 37. Bd3 Rd7 38. Rxd7+ Nxd7 39. Bb1 Nf8
40. Be4 Qe5 41. Qd3 Kf7 42. b4 Ke7 43. Bf3 a6 44. Kg2 Qd6 45. Qe3+ Kd8 46. a4
Nd7 47. a5 Kc7 48. Qe8 Qe5 49. Qxe5+ Nxe5 50. Be4 c5 51. Kh3 cxb4 52. cxb4 b6
53. f4 gxf4 54. gxf4 Nd7 55. f5 bxa5 56. bxa5 Kd6 57. Bd3 Nc5 58. Bc4 Ke5 59.
Kg4 Nb7 1/2-1/2

[Event "North American Open"]
[Site "Las Vegas"]
[Date "2011.12.29"]
[Round "7"]
[White "Sarkar, Justin"]
[Black "Dean, Jim"]
[Result "1-0"]
[WhiteElo "2458"]
[BlackElo "2341"]
[PlyCount "99"]
[EventDate "2011.12.??"]
[EventType "swiss"]
[EventRounds "7"]
[EventCountry "USA"]
[Source "MonRoi"]

1. d4 d5 2. c4 e6 3. Nc3 Be7 4. cxd5 exd5 5. Bf4 Nf6 6. e3 O-O 7. Bd3 c5 8.
dxc5 Bxc5 9. Nge2 Nc6 10. O-O Be6 11. Rc1 a6 12. Na4 Be7 13. Nd4 Nxd4 14. Bc7
Qe8 15. exd4 b5 16. Nc5 Qc8 17. Nxe6 Qxe6 18. Re1 Qd7 19. Qf3 Ne4 20. Bxe4 dxe4
21. Qxe4 Bg5 22. Bf4 Rae8 23. Qf3 Qf5 24. Bxg5 Qxg5 25. Red1 Rd8 26. Rc6 Rfe8
27. h4 Qxh4 28. d5 Re5 29. Rc7 f6 30. g3 Qh3 31. d6 Rh5 32. Qg2 Qxg2+ 33. Kxg2
Re5 34. Ra7 Kf8 35. Rxa6 Rd7 36. Rb6 Kf7 37. Rd4 Ke6 38. Rb4 Ra7 39. a3 Ra5 40.
Rb7 Kxd6 41. Rxg7 h5 42. Rf4 Ke6 43. Rb7 Ra6 44. Rb4 Ra5 45. Rb6+ Kf7 46. Rf4
Re6 47. Rxe6 Kxe6 48. Rh4 Kd5 49. Rxh5+ Kc4 50. Rh4+ 1-0

[Event "North American Open"]
[Site "Las Vegas"]
[Date "2011.12.29"]
[Round "7"]
[White "Rodriguez, Eric"]
[Black "Zenyuk, Iryna"]
[Result "1/2-1/2"]
[WhiteElo "2382"]
[BlackElo "2329"]
[PlyCount "71"]
[EventDate "2011.12.??"]
[EventType "swiss"]
[EventRounds "7"]
[EventCountry "USA"]
[Source "MonRoi"]

1. e4 c5 2. Nc3 Nc6 3. Bb5 g6 4. Bxc6 dxc6 5. d3 Bg7 6. Be3 b6 7. Qd2 h5 8. f4
Nf6 9. h3 a5 10. Nf3 a4 11. a3 Qc7 12. O-O O-O 13. f5 gxf5 14. Bh6 Nh7 15. e5
Be6 16. Qf4 Kh8 17. Bxg7+ Kxg7 18. Ne2 Rg8 19. Ng3 Qd7 20. Nh4 Qd4+ 21. Qxd4
cxd4 22. Ngxf5+ Kf8 23. Nxd4 Bxh3 24. Kh2 c5 25. gxh3 cxd4 26. Nf5 Rd8 27. h4
Ke8 28. Rf4 Nf8 29. Rxd4 Rxd4 30. Nxd4 Rg4 31. Nf5 Ng6 32. Re1 Nxh4 33. Nxh4
Rxh4+ 34. Kg3 Rg4+ 35. Kf3 Kd7 36. Rh1 1/2-1/2